12_千葉県の市町村(ひらがな対応・五十音順) - Statistics

General Stats
  • This quiz has been taken 91 times
  • The average score is 43 of 54
Answer Stats
種類 市町村名 % Correct
千葉市
100%
成田市
98%
我孫子市
96%
市川市
96%
市原市
94%
木更津市
94%
銚子市
94%
船橋市
94%
浦安市
92%
大網白里市
92%
柏市
92%
佐倉市
92%
野田市
92%
習志野市
90%
いすみ市
88%
鎌ケ谷市
88%
松戸市
88%
旭市
87%
印西市
87%
勝浦市
87%
君津市
87%
流山市
87%
四街道市
87%
白井市
85%
匝瑳市
85%
館山市
85%
南房総市
85%
八街市
85%
鴨川市
83%
八千代市
83%
香取市
81%
九十九里町
81%
東金市
81%
袖ケ浦市
79%
富里市
79%
茂原市
79%
富津市
77%
山武市
75%
酒々井町
73%
一宮町
71%
鋸南町
71%
大多喜町
67%
御宿町
67%
長生村
67%
横芝光町
67%
多古町
58%
栄町
54%
芝山町
54%
東庄町
54%
長柄町
54%
白子町
52%
睦沢町
50%
神崎町
48%
長南町
48%
No matching quizzes found
Score Distribution
Percent of People with Each Score
Percentile by Number Answered
Your Score History
You have not taken this quiz